Giáo dục đạo đức cho sinh viên ngành y khu vực Nam Bộ Việt Nam hiện nay

Trình bày cơ sở lý luận về đạo đức, tầm quan trọng và nội dung giáo dục đạo đức cho sinh viên ngành y nói chung; những nhân tố tác động và đánh giá thực trạng giáo dục đạo đức cho sinh viên ngành y khu vực Nam Bộ hiện nay; đề xuất phương hu...

Täydet tiedot

Tallennettuna:
Bibliografiset tiedot
Päätekijä: Trần Thị Hồng Lê
Aineistotyyppi: Kirja
Kieli:Vietnamese
Julkaistu: H. Chính trị Quốc gia sự thật 2019
Aiheet:
Tagit: Lisää tagi
Ei tageja, Lisää ensimmäinen tagi!
Thư viện lưu trữ: Thư viện Trường Đại học Nam Cần Thơ
LEADER 01943nam a22002417a 4500
001 NCT_96139
008 220122b xxu||||| |||| 00| 0 vie d
999 |c 4778  |d 4778 
020 |a 9786045750391 
082 0 4 |2 23rd ed.  |a 174.209597  |b L250 
100 1 |a Trần Thị Hồng Lê 
245 1 0 |a Giáo dục đạo đức cho sinh viên ngành y khu vực Nam Bộ Việt Nam hiện nay  |c Trần Thị Hồng Lê 
260 |a H.  |b Chính trị Quốc gia sự thật  |c 2019 
300 |a 228 tr.  |c 21cm 
520 3 |a Trình bày cơ sở lý luận về đạo đức, tầm quan trọng và nội dung giáo dục đạo đức cho sinh viên ngành y nói chung; những nhân tố tác động và đánh giá thực trạng giáo dục đạo đức cho sinh viên ngành y khu vực Nam Bộ hiện nay; đề xuất phương hướng và một số giải pháp cơ bản nhằm nâng cao hiệu quả giáo dục đạo đức cho sinh viên ngành y khu vực Nam Bộ trong thời gian tới. 
653 |a Y đa khoa 
942 |2 ddc  |c BK 
952 |0 0  |1 0  |2 ddc  |4 0  |6 174_209597000000000_L250  |7 0  |9 22188  |a 000001  |b 000001  |d 2022-01-22  |o 174.209597 L250  |p MD.19238  |r 2022-01-22  |w 2022-01-22  |y BK 
952 |0 0  |1 0  |2 ddc  |4 0  |6 174_209597000000000_L250  |7 0  |9 22189  |a 000001  |b 000001  |d 2022-01-22  |o 174.209597 L250  |p MD.19239  |r 2022-01-22  |w 2022-01-22  |y BK 
952 |0 0  |1 0  |2 ddc  |4 0  |6 174_209597000000000_L250  |7 0  |9 22190  |a 000001  |b 000001  |d 2022-01-22  |o 174.209597 L250  |p MD.19240  |r 2022-01-22  |w 2022-01-22  |y BK 
952 |0 0  |1 0  |2 ddc  |4 0  |6 174_209597000000000_L250  |7 0  |9 22191  |a 000001  |b 000001  |d 2022-01-22  |o 174.209597 L250  |p MD.19241  |r 2022-01-22  |w 2022-01-22  |y BK 
952 |0 0  |1 0  |2 ddc  |4 0  |6 174_209597000000000_L250  |7 0  |9 22192  |a 000001  |b 000001  |d 2022-01-22  |o 174.209597 L250  |p MD.19242  |r 2022-01-22  |w 2022-01-22  |y BK 
980 |a Thư viện Trường Đại học Nam Cần Thơ